00431cam a2200157ua 450000100060000000800390000602000170004504000090006208200100007110000240008124500720010525000100017726000610018730000100024865300150025810825190406n ii |||gr||||Z||||||eng a978812916139 cMAIN a338.9 aK R Gupta,eAuthor. aAdvanced economics of development : bvolume II / cBy K R Gupta .  bV.II. aNew Delhi:bAtlantic publishers and distributors,c2011. a992p. aProduction